Multiple Choice Numbers #2 - U.S. Edition - Statistics

General Stats
  • This quiz has been taken 16,856 times
  • The average score is 12 of 18
Answer Stats
Question Answer % Correct
Stripes on the U.S. flag 13
90%
Number of different people to serve as U.S. President 45
85%
Feet in a mile 5,280
85%
Members on a typical jury 12
80%
Number that Michael Jordan wore for most of his basketball career 23
77%
Teaspoons in a tablespoon 3
73%
Distance in miles from New York to Los Angeles, as the crow flies 2,451
72%
Number of U.S. states which touch the Pacific Ocean 5
71%
Pounds in ton 2000
68%
A typical hat size 7 ¼
68%
Number of U.S. Senators 100
63%
Squares on a Monopoly board 40
63%
Times that Meryl Streep has been nominated for an Oscar 21
55%
Games played by each team in the Major League Baseball regular season 162
53%
Pints in a gallon 8
51%
Number of ways to leave your lover, according to the title of a Paul Simon song 50
44%
Fraction of states necessary to ratify a constitutional amendment 3/4
33%
Acres in a square mile 640
31%
No matching quizzes found
Score Distribution
Percent of People with Each Score
Percentile by Number Answered
Your Score History
You have not taken this quiz